Liedtext - An Tagen wie diesen - Fettes Brot - Statistiken

Allgemein
  • Dieses Quiz wurde 99 mal gespielt
  • Das Durchschnittsergebnis liegt bei 346 aus 559
Antwortstatistiken
Antwort % Korrekt
'n
99%
Wie
99%
wie
99%
an,
97%
An
97%
an
97%
die
97%
Die
97%
diese
97%
Diese
97%
Tagen
96%
diesen
93%
'ne
91%
Der
86%
der
86%
und
83%
Und
83%
da
81%
Was
81%
was
81%
Ich
80%
ich
80%
'ne
80%
zu
80%
er
79%
man
79%
das
77%
den
77%
so
76%
bei
74%
Bei
74%
Im
74%
im
74%
mir
74%
mir,
74%
wir
74%
dir?
73%
sie
73%
Alles
71%
es
71%
geht?
71%
oder
71%
Denn
70%
denn
70%
ein,
70%
ein
70%
Ein
70%
hab
70%
hab'
70%
in
70%
mit
70%
nach
70%
zum
70%
Eine
69%
mal
69%
geh'n
67%
gibt
67%
los,
67%
los
67%
nie
67%
Abendbrot
66%
auf
66%
Fernseh'n
66%
Frühstück
66%
hab'n
66%
neun
66%
Radio
66%
wieso
66%
Brötchen
64%
haben
64%
ist,
64%
ist
64%
Kann
64%
kann
64%
Moin,
64%
moin!
64%
Niemand,
64%
sagt
64%
dass
63%
Dass
63%
gibt's
63%
Gleich
63%
gleich
63%
'nem
63%
Sonne
63%
Beim
61%
beim
61%
bis
61%
eben
61%
holen
61%
hör'
61%
hör',
61%
mich
61%
mich:
61%
nicht
61%
noch
61%
Noch
61%
uns
61%
Wahnsinnsshow
61%
Absolute
60%
bin
60%
breit
60%
einem
60%
hat
60%
hat?
60%
Kind
60%
klar
60%
lacht
60%
okay!
60%
schadenfroh
60%
Straße
60%
vor
60%
vor,
60%
weit
60%
meine
59%
Nacht
59%
Wenn
59%
wenn
59%
Zeitung
59%
entlang
57%
schreibt
57%
Seh'
57%
seh',
57%
sein
57%
spät?
57%
sterben?
57%
am
56%
Augen
56%
dem
56%
doch
56%
Doch
56%
doch?
56%
gnadenlos
56%
hier
56%
ja
56%
Kaufmannsladen
56%
kurz
56%
Lauf'
56%
mehr
56%
meinen
56%
sind
56%
um
56%
Will
56%
diesem
54%
fällt
54%
frag'
54%
für
54%
heute
54%
lesen,
54%
Mann,
54%
Mann
54%
nix
54%
von
54%
Welt
54%
Bild
53%
bloß
53%
einer
53%
jetzt
53%
Jetzt
53%
jetzt,
53%
Knall,
53%
Mistvieh
53%
Verkehrsunfall
53%
werd'
53%
allerbesten
51%
auch
51%
echt
51%
ganz
51%
leise
51%
Menschen
51%
Nachbarskatze
51%
Plötzlich
51%
sagen
51%
Schalt'
51%
schon
51%
steht
51%
atmet
50%
Bilder
50%
erwischt
50%
genau
50%
genau,
50%
hat's
50%
Haustür
50%
Laune
50%
Nachrichten
50%
Scheiß
50%
tausend
50%
Tochter
50%
verderben
50%
Vielleicht
50%
zieh'
50%
ans
49%
Dann
49%
Fragen
49%
Fragen,
49%
fühle
49%
gesehen,
49%
meiner
49%
Passiert
49%
passiert
49%
seinen
49%
sieht's
49%
täglich
49%
überall
49%
Walkman
49%
wäre,
49%
Anblick
47%
Bäcker,
47%
beinah'
47%
Bett
47%
Bomben
47%
dort
47%
fleht
47%
Fliege
47%
kommt
47%
Magen
47%
möglich?
47%
nur
47%
oft
47%
Steine
47%
TV
47%
UNICEF
47%
verliert
47%
verliert,
47%
dessen
46%
dreckigem
46%
ersten
46%
fantastisches
46%
Frau
46%
fressen
46%
Geburtstag
46%
gesetzt
46%
grad
46%
ich's
46%
Irgendwas
46%
Leute
46%
liebt,
46%
ran
46%
Scheiße
46%
Scherben
46%
schweißgebadet
46%
Väter
46%
verrecken?
46%
vom
46%
wach
46%
Wasser
46%
Weiß,
46%
Wetter!"
46%
wirklich
46%
Anschlag?
44%
bevor
44%
Eltern
44%
ertragen
44%
junger
44%
Nachrichtensprecher
44%
Schätzungen
44%
selber
44%
Stadt
44%
Tresen
44%
grade
43%
Großangriff,
43%
kleine
43%
Mitten
43%
normalen
43%
Samstag
43%
schrei'n
43%
sitzt
43%
starben,
43%
traurigen
43%
verdammt
43%
war'n
43%
wohl
43%
bohr'n
41%
erschrecken
41%
etwas
41%
Gefühl,
41%
gemacht
41%
gesagt?
41%
geschieht
41%
Hungertod
41%
Million
41%
Namen
41%
passier'n
41%
Sowas
41%
übersteigt
41%
Kopf
40%
Viele
40%
Vorstellungskraft
40%
Attentäter
39%
bedroht
39%
Erdboden
39%
irgendwo
39%
Leere
39%
nix
39%
Seltsames
39%
sogar
39%
Art
37%
brutaler
37%
dumpfe
37%
krieg',
37%
lassen
37%
sechs
37%
seh's
37%
Verletzten
37%
warum
37%
Angst
36%
bestialische
36%
Dieses
36%
Hass
36%
Leben
36%
schlafen
36%
voller
36%
dabei
34%
Gegner
34%
grausam
34%
Liebe
34%
unzählige
34%
davor
33%
Familie
33%
gab
33%
Schleich'
33%
verlasse
31%
zerreißen
31%
"Lage
30%
mittlerweile
30%
ums
30%
zahl'
30%
dramatisch
29%
Manchmal,
29%
Staub,
29%
Taten
29%
verschlechtert,
29%
entsetzlichen
27%
gekommen
27%
Während
19%
Obst
16%
gesundes
14%
zerhäcksel'
13%
Moulinex
9%
Keine übereinstimmenden Quizze gefunden
Verteilung der Resultate
Anzahl Personen mit jedem Resultat
Perzentil nach korrekt beantworteten Fragen
Ihre Resultats-Entwicklung
Sie haben dieses Quiz noch nicht gespielt